[Event "31è Open International d'Avoine 2016"]
[Site "Avoine"]
[Date "2016.07.27"]
[Round "5.14"]
[White "Eden, James"]
[Black "Dupont, Victor"]
[Result "1-0"]
[WhiteElo "2293"]
[BlackElo "1888"]
[PlyCount "103"]
[EventDate "2016.??.??"]

1. e4 e5 2. Nf3 Nf6 3. Nxe5 d6 4. Nf3 Nxe4 5. Nc3 Nf6 6. d4 Be7 7. Bd3 Bg4 8.
h3 Bh5 9. Bf4 Nbd7 10. Qd2 Bxf3 11. gxf3 Nb6 12. O-O-O Qd7 13. Rhg1 g6 14. Rde1
O-O-O 15. Bg5 Nfd5 16. Nxd5 Nxd5 17. Qa5 Bxg5+ 18. Rxg5 Nf4 19. Qxa7 Nxd3+ 20.
Kd2 c6 21. Kxd3 Rde8 22. Re3 Kc7 23. Qa5+ Kb8 24. Qb4 h6 25. Ra5 d5 26. Kd2
Rxe3 27. fxe3 Kc7 28. Ra7 Rb8 29. h4 Qd6 30. Qxd6+ Kxd6 31. e4 g5 32. h5 dxe4
33. fxe4 Ke6 34. Ra5 g4 35. Ke2 Rg8 36. Kf2 g3+ 37. Kg2 Rg4 38. Re5+ Kd6 39. a4
f6 40. Re8 Rg5 41. Rb8 Rg4 42. Rxb7 Rxe4 43. c3 c5 44. dxc5+ Kxc5 45. Rb4 Re3
46. a5 Re7 47. Kxg3 Ra7 48. Rf4 Ra6 49. b4+ Kb5 50. Rf5+ Kc4 51. Rc5+ Kd3 52.
Kf3 1-0

[Event "31è Open International d'Avoine 2016"]
[Site "Avoine"]
[Date "2016.07.23"]
[Round "5.15"]
[White "Bogdanov, Egor"]
[Black "Forget, Cyril"]
[Result "1-0"]
[WhiteElo "2269"]
[BlackElo "1886"]
[PlyCount "113"]
[EventDate "2016.??.??"]

1. e4 c6 2. d4 d5 3. exd5 cxd5 4. c4 Nf6 5. Nc3 e6 6. Nf3 Be7 7. cxd5 Nxd5 8.
Bd3 O-O 9. O-O Nc6 10. a3 Bf6 11. Be4 Nce7 12. Qd3 h6 13. Ne5 Bd7 14. Qg3 Kh8
15. Qh3 Nxc3 16. bxc3 Nf5 17. Nxd7 Qxd7 18. Bxf5 exf5 19. Bxh6 Kg8 20. Bf4 Rfe8
21. Rfe1 Qd5 22. Qd3 Re4 23. Bd2 Rd8 24. Rab1 Bxd4 25. cxd4 Rxd4 26. Qb5 Qxb5
27. Rxb5 Rxd2 28. Rxb7 R2d7 29. Rxd7 Rxd7 30. g3 Kf8 31. Re5 g6 32. Ra5 Ke7 33.
Ra6 Kd8 34. h4 Ke7 35. Kg2 Kf8 36. Kf3 Kg7 37. Kf4 Kh6 38. f3 Re7 39. a4 Rd7
40. a5 Rb7 41. Ke5 Kg7 42. h5 Re7+ 43. Kf4 Kh6 44. hxg6 fxg6 45. Rd6 Rb7 46. a6
Rc7 47. Ke5 Rc5+ 48. Kf6 Kh5 49. Rd4 Rc6+ 50. Ke5 Rc5+ 51. Kd6 Rc3 52. Rh4+ Kg5
53. f4+ Kf6 54. Rh7 Rxg3 55. Rxa7 Ra3 56. Ra8 Rb3 57. a7 1-0

[Event "31è Open International d'Avoine 2016"]
[Site "Avoine"]
[Date "2016.07.27"]
[Round "5.16"]
[White "Nguyen, Vincent"]
[Black "Belenkaya, Dina"]
[Result "0-1"]
[WhiteElo "2090"]
[BlackElo "2249"]
[PlyCount "146"]
[EventDate "2016.??.??"]

1. d4 d5 2. c4 dxc4 3. Nf3 Nf6 4. e3 e6 5. Bxc4 a6 6. Qe2 c5 7. dxc5 Bxc5 8.
O-O Nc6 9. e4 b5 10. Bb3 Nd4 11. Nxd4 Qxd4 12. Nc3 Qe5 13. g3 Bb7 14. Bf4 Qh5
15. Qxh5 Nxh5 16. Rac1 Nxf4 17. gxf4 Rc8 18. e5 Ke7 19. Bc2 Bd4 20. Bd3 Rhd8
21. Ne4 Bxb2 22. Rxc8 Rxc8 23. Nd6 Rc3 24. Bxb5 axb5 25. Nxb7 b4 26. Rb1 Rc1+
27. Rxc1 Bxc1 28. Nc5 Bxf4 29. Nd3 Bd2 30. Kf1 f6 31. Ke2 Bc3 32. f4 fxe5 33.
fxe5 Kd7 34. Ke3 Kc6 35. Ke4 g5 36. Nf2 Kb5 37. Nd3 h6 38. h4 gxh4 39. Nf4 h3
40. Nxh3 Bd2 41. Kd3 Bc1 42. Ng1 Bb2 43. Ke4 Kc6 44. Nf3 h5 45. Ne1 h4 46. Nd3
Bc3 47. Nf4 Kd7 48. Nd3 Bd2 49. Nc5+ Ke7 50. Kf3 h3 51. Nd3 Kf7 52. Kg3 Kg6 53.
Kxh3 Kf5 54. Kg3 Ke4 55. Nc5+ Kxe5 56. Kf3 Kd5 57. Nd7 Kd4 58. Ke2 Bf4 59. Nb6
e5 60. Na4 e4 61. Nb2 Bh6 62. Nd1 Bg5 63. Nf2 Bd8 64. Nd1 Bb6 65. Kd2 Kd5 66.
Kc2 Bc5 67. Kd2 Bd4 68. Kc2 Kc4 69. Kd2 Kb5 70. Kc2 Ka4 71. a3 bxa3 72. Kb1 Kb3
73. Nb2 a2+ 0-1

[Event "31è Open International d'Avoine 2016"]
[Site "Avoine"]
[Date "2016.07.23"]
[Round "5.17"]
[White "Le Borgne, Pierre"]
[Black "Gely, Yann"]
[Result "1-0"]
[WhiteElo "2247"]
[BlackElo "1832"]
[PlyCount "75"]
[EventDate "2016.??.??"]

1. e4 c5 2. Nf3 g6 3. g3 Bg7 4. Bg2 Nc6 5. O-O e6 6. c3 d5 7. exd5 exd5 8. d3
Nge7 9. Nbd2 O-O 10. Nb3 b6 11. d4 c4 12. Nbd2 Bf5 13. Re1 Qd7 14. Nf1 Bh3 15.
Bh1 h5 16. Ne3 Nf5 17. Nxd5 Bg4 18. Ne3 Nxe3 19. Bxe3 Rad8 20. Qd2 Rfe8 21. Bf4
b5 22. Rxe8+ Rxe8 23. Re1 Rxe1+ 24. Qxe1 b4 25. Ng5 Ne7 26. Bg2 Nd5 27. Bd2 a5
28. Qe4 Nc7 29. Bf4 Ne6 30. Qa8+ Qd8 31. Qxd8+ Nxd8 32. Bc7 Bxd4 33. Bxd8 Bxc3
34. Bd5 Bxb2 35. Bxf7+ Kg7 36. Bxc4 Bf6 37. Bxa5 Bxg5 38. Bxb4 1-0

[Event "31è Open International d'Avoine 2016"]
[Site "Avoine"]
[Date "2016.07.23"]
[Round "5.18"]
[White "Lombart, Philippe"]
[Black "Bonnaud, Remy"]
[Result "0-1"]
[WhiteElo "1891"]
[BlackElo "2237"]
[PlyCount "130"]
[EventDate "2016.??.??"]

1. d4 d5 2. c4 c6 3. Nf3 Nf6 4. Nc3 dxc4 5. a4 Bf5 6. e3 e6 7. Bxc4 Bb4 8. O-O
Nbd7 9. Qb3 Qb6 10. Na2 Be7 11. a5 Qc7 12. Nc3 O-O 13. Ne2 b5 14. axb6 axb6 15.
Bd2 Ne4 16. Ng3 Nxg3 17. hxg3 c5 18. d5 Rxa1 19. Rxa1 exd5 20. Bxd5 Nf6 21. Bc3
Nxd5 22. Qxd5 Be6 23. Be5 Bxd5 24. Bxc7 b5 25. Ra5 Rc8 26. Be5 f6 27. Ra7 Bf8
28. Bc7 c4 29. Bb6 b4 30. Ne1 c3 31. bxc3 bxc3 32. Nd3 Be4 33. Nc1 Rb8 34. Ra6
Bb4 35. Bd4 c2 36. f3 Bf5 37. e4 Bd7 38. Ra2 Rc8 39. Be3 Be6 40. Ra6 Kf7 41.
Ra7+ Kg8 42. Ra6 Bc4 43. Ra4 Be1 44. Kh2 h5 45. Bf4 g5 46. Be3 Kf7 47. Ra7+ Ke6
48. Ra4 h4 49. gxh4 gxh4 50. Bf4 f5 51. exf5+ Kxf5 52. Be3 Bg3+ 53. Kh1 Rd8 54.
Rxc4 Rd1+ 55. Bg1 Rxc1 56. Rc5+ Ke6 57. Rc6+ Kf5 58. Rc5+ Ke6 59. Rc6+ Kd7 60.
Rc4 Bf2 61. Kh2 Bxg1+ 62. Kh3 Bf2 63. Kg4 Kd6 64. f4 Kd5 65. Rc8 Bc5 0-1

[Event "31è Open International d'Avoine 2016"]
[Site "Avoine"]
[Date "2016.07.23"]
[Round "5.19"]
[White "Lelievre, Clement"]
[Black "Ravot, Sylvain"]
[Result "0-1"]
[WhiteElo "1751"]
[BlackElo "2231"]
[PlyCount "70"]
[EventDate "2016.??.??"]

1. e4 c5 2. Nf3 g6 3. d4 cxd4 4. Nxd4 Bg7 5. Be3 Nf6 6. Nc3 Nc6 7. f3 O-O 8.
Bc4 Qb6 9. Qd2 Nxe4 10. fxe4 Bxd4 11. Bxd4 Qxd4 12. Qe2 d6 13. Bd3 Ne5 14. h3
Bd7 15. O-O-O Bc6 16. g4 h6 17. Kb1 Kg7 18. h4 Qb4 19. Rhf1 Rab8 20. Qg2 b5 21.
Nd5 Bxd5 22. exd5 Qxg4 23. Qf2 Rb7 24. Be2 Qb4 25. Rd4 Nc4 26. b3 Na3+ 27. Kb2
Qc5 28. Bd3 Nc4+ 29. Ka1 Nd2 30. Qxd2 Qxd4+ 31. Kb1 Qxd5 32. Qf2 f5 33. Rg1 Rf6
34. Bf1 Rc7 35. Bg2 Qc5 0-1

[Event "31è Open International d'Avoine 2016"]
[Site "Avoine"]
[Date "2016.07.27"]
[Round "5.20"]
[White "Lukasiewicz, Grzegorz"]
[Black "Patarin, Arnaud"]
[Result "1/2-1/2"]
[WhiteElo "2211"]
[BlackElo "1775"]
[PlyCount "86"]
[EventDate "2016.??.??"]

1. d4 Nf6 2. Nf3 d5 3. Bg5 e6 4. e3 c5 5. c3 Nbd7 6. Nbd2 Be7 7. Bd3 b6 8. Ne5
Nxe5 9. dxe5 Nd7 10. Bf4 Bg5 11. Bg3 Bb7 12. h4 Bh6 13. Nf3 Qc7 14. Qa4 c4 15.
Be2 Bc6 16. Qc2 Nc5 17. Nd4 a5 18. Bh2 g6 19. g4 Qb7 20. f4 O-O-O 21. O-O Bd7
22. b3 cxb3 23. axb3 Ne4 24. b4 a4 25. c4 Kb8 26. c5 Rc8 27. Rab1 b5 28. Rfc1
Bc6 29. Qd3 Rhd8 30. Rc2 Kc7 31. Nxb5+ Bxb5 32. Qxb5 Qxb5 33. Bxb5 Ra8 34. Bd3
Bf8 35. Kg2 Be7 36. Bg3 f5 37. b5 Nxc5 38. gxf5 gxf5 39. Be1 Kb6 40. Be2 Rg8+
41. Kf1 Rg7 42. Bf3 Rag8 43. Ke2 Ra8 1/2-1/2

[Event "31è Open International d'Avoine 2016"]
[Site "Avoine"]
[Date "2016.07.23"]
[Round "5.21"]
[White "Josse, Mathilde"]
[Black "Meunier-Pion, Jean"]
[Result "0-1"]
[WhiteElo "1689"]
[BlackElo "2211"]
[PlyCount "58"]
[EventDate "2016.??.??"]

1. e4 c5 2. Nf3 d6 3. c3 Nf6 4. h3 e6 5. Bd3 a6 6. Bc2 Nbd7 7. d4 b5 8. a4 Bb7
9. Qe2 Qb8 10. O-O Be7 11. Re1 O-O 12. Bg5 h6 13. Bh4 Rc8 14. Bg3 e5 15. d5 c4
16. Nbd2 Nc5 17. a5 Qc7 18. Nh4 g6 19. Qe3 Kh7 20. Rf1 Nh5 21. Nf5 gxf5 22.
exf5 f6 23. f4 Bxd5 24. Bh2 Rg8 25. g4 Nxf4 26. Bxf4 exf4 27. Rxf4 Bb7 28. Re1
Rae8 29. Kh2 d5 0-1

[Event "31è Open International d'Avoine 2016"]
[Site "Avoine"]
[Date "2016.07.23"]
[Round "5.22"]
[White "Renard, Emmanuel"]
[Black "Eugene, Floryan"]
[Result "0-1"]
[WhiteElo "1639"]
[BlackElo "2199"]
[PlyCount "22"]
[EventDate "2016.??.??"]

1. e4 d5 2. exd5 Nf6 3. d4 Nxd5 4. c4 Nb6 5. Nf3 g6 6. Bg5 Bg7 7. Qd2 Bg4 8.
Qf4 Bxf3 9. Qxf3 Nc6 10. c5 Qxd4 11. cxb6 Qxb2 0-1

[Event "31è Open International d'Avoine 2016"]
[Site "Avoine"]
[Date "2016.07.23"]
[Round "5.23"]
[White "Viers, Emmanuel"]
[Black "Sochacki, Wojtek"]
[Result "1-0"]
[WhiteElo "2095"]
[BlackElo "2410"]
[PlyCount "66"]
[EventDate "2016.??.??"]

1. Nf3 d5 2. g3 Nf6 3. Bg2 Bf5 4. c4 c6 5. Qb3 Qb6 6. Qxb6 axb6 7. cxd5 Nxd5 8.
a3 Nb4 9. O-O Nc2 10. Ra2 Ne3 11. dxe3 Bxb1 12. Ra1 Be4 13. Bd2 Nd7 14. Rad1
Nf6 15. Ne5 Bxg2 16. Kxg2 b5 17. f3 e6 18. e4 Bd6 19. Bc3 Bc7 20. Rd2 Rd8 21.
Rxd8+ Bxd8 22. Rd1 Bc7 23. g4 Rg8 24. g5 Nh5 25. Nxf7 Nf4+ 26. Kf1 h6 27. Be5
Bxe5 28. Nxe5 c5 29. Rd6 b4 30. axb4 cxb4 31. e3 Ng6 32. Nxg6 hxg5 33. Rxe6+
Kf7 1-0

[Event "31è Open International d'Avoine 2016"]
[Site "Avoine"]
[Date "2016.07.23"]
[Round "5.24"]
[White "Bressy, Theo"]
[Black "Shirazi, Kamran"]
[Result "1-0"]
[WhiteElo "2092"]
[BlackElo "2350"]
[PlyCount "117"]
[EventDate "2016.??.??"]

1. e4 c6 2. d4 d5 3. e5 c5 4. dxc5 Nc6 5. Nf3 Bg4 6. c3 Bxf3 7. Qxf3 Nxe5 8.
Bb5+ Nc6 9. O-O e6 10. Bxc6+ bxc6 11. b4 a5 12. Bb2 Be7 13. Nd2 Bf6 14. a3 Ne7
15. Rfb1 O-O 16. a4 Qb8 17. Qd3 e5 18. b5 e4 19. Qe2 Be5 20. g3 f5 21. f4 Bf6
22. Nb3 g5 23. fxg5 Be5 24. Nd4 f4 25. gxf4 Rxf4 26. Rf1 Rh4 27. Rf2 cxb5 28.
axb5 Ng6 29. Bc1 Qc8 30. c6 Qh3 31. Be3 Rf8 32. Ra2 Rxf2 33. Kxf2 Nf4 34. Bxf4
Rxf4+ 35. Kg1 Rg4+ 36. Kh1 Rf4 37. Kg1 Qxc3 38. Ne6 Rf3 39. Rc2 Bxh2+ 40. Kh1
Qa1+ 41. Kxh2 Qe5+ 42. Kh1 Qxe6 43. Qg2 Rf8 44. b6 d4 45. b7 d3 46. Rb2 e3 47.
b8=Q e2 48. Qxf8+ Kxf8 49. Qf2+ Kg7 50. Qd4+ Kf7 51. Rb7+ Kg6 52. Qxd3+ Kxg5
53. Rg7+ Kf4 54. Qg3+ Ke4 55. Kg2 Kd4 56. Qg4+ Qxg4+ 57. Rxg4+ Kd5 58. Kf2 Kxc6
59. Kxe2 1-0

[Event "31è Open International d'Avoine 2016"]
[Site "Avoine"]
[Date "2016.07.23"]
[Round "5.25"]
[White "Deslandes, Pascal"]
[Black "Daeschler, Florian"]
[Result "1/2-1/2"]
[WhiteElo "2302"]
[BlackElo "2099"]
[PlyCount "105"]
[EventDate "2016.??.??"]

1. e4 c5 2. c3 d5 3. exd5 Qxd5 4. d4 e5 5. Nf3 Nc6 6. Nbd2 exd4 7. Bc4 Qf5 8.
O-O Be6 9. Bxe6 fxe6 10. cxd4 cxd4 11. Qa4 O-O-O 12. Nb3 e5 13. Bg5 Be7 14.
Rac1 Kb8 15. Rxc6 Bxg5 16. Rc5 Bf6 17. Nfxd4 Qd7 18. Rb5 Ka8 19. Ne2 b6 20. Nc3
Ne7 21. Qe4+ Qc6 22. Qe2 Nf5 23. Rb4 Nd4 24. Qe4 Qxe4 25. Nxe4 Nxb3 {(=)} 26.
Rxb3 Rd4 27. f3 Rc8 28. g3 Rc2 29. Rf2 Rc1+ 30. Kg2 Kb7 31. Rc3 Rxc3 32. Nxc3
Kc6 33. Rc2 Rc4 34. Kf2 h5 35. Rd2 Rd4 36. Rxd4 exd4 37. Ne4 Be7 38. Ke2 Kd5
39. Kd3 a5 40. b3 Ba3 41. Ke2 Be7 42. Nf2 Bd6 43. Nd3 a4 44. Kf2 axb3 45. axb3
Bc7 46. Kg2 Ke6 47. f4 Kd5 48. Kf3 Bd6 49. h3 Be7 50. g4 Bd6 51. f5 Be7 52.
Nf4+ Ke5 53. Nd3+ {(=)} 1/2-1/2

[Event "31è Open International d'Avoine 2016"]
[Site "Avoine"]
[Date "2016.07.23"]
[Round "5.26"]
[White "Hoffmann, Roger"]
[Black "Doluhanova, Evgeniya"]
[Result "0-1"]
[WhiteElo "2084"]
[BlackElo "2269"]
[PlyCount "52"]
[EventDate "2016.??.??"]

1. Nf3 Nf6 2. c4 c5 3. Nc3 b6 4. g3 Bb7 5. Bg2 e6 6. O-O Be7 7. d3 O-O 8. Bg5
h6 9. Bxf6 Bxf6 10. e4 Nc6 11. Ne1 Na5 12. Qe2 d6 13. Nc2 Nc6 14. Ne3 Qd7 15.
Kh1 a6 16. Qh5 b5 17. Ng4 Bd4 18. cxb5 Ne5 19. bxa6 Bxa6 20. Nxe5 dxe5 21. Rfd1
Rab8 22. Rd2 Rxb2 23. Rxb2 Bxc3 24. Qe2 Bxd3 25. Rd1 Bxe2 26. Rxd7 Bxb2 0-1

[Event "31è Open International d'Avoine 2016"]
[Site "Avoine"]
[Date "2016.07.23"]
[Round "5.27"]
[White "Guerlach, Keigo"]
[Black "Frick, Christoph"]
[Result "1/2-1/2"]
[WhiteElo "2075"]
[BlackElo "2245"]
[PlyCount "97"]
[EventDate "2016.??.??"]

1. e4 c6 2. Nf3 d5 3. exd5 cxd5 4. Ne5 Nd7 5. d4 Ngf6 6. Bd3 e6 7. O-O Nxe5 8.
dxe5 Nd7 9. Qe2 Nc5 10. c4 Nxd3 11. Qxd3 dxc4 12. Qxc4 Bd7 13. Nc3 Rc8 14. Qg4
Qa5 15. Re1 b5 16. Bd2 Rc4 17. Re4 h5 18. Qe2 Qc7 19. Rxc4 bxc4 20. Rc1 Bc5 21.
Ne4 Qxe5 22. Rxc4 Bb5 23. Rxc5 Qxc5 24. Qxb5+ Qxb5 25. Nd6+ Kd7 26. Nxb5 Rb8
27. a4 a6 28. Nd4 Rxb2 29. Be1 Kd6 30. a5 Kd5 31. Nf3 f6 32. Kf1 g5 33. Ng1 e5
34. Ne2 h4 35. Nc3+ Kd4 36. Nd1 Ra2 37. Ne3 e4 38. Nf5+ Ke5 39. Ne3 f5 40. h3 {
(=)} f4 41. Ng4+ Ke6 42. Bb4 Rb2 43. Bc3 Rb1+ 44. Be1 Rc1 45. Ke2 Ra1 46. Kf1
Ra3 47. Bb4 Rb3 48. Be1 Rd3 49. Bb4 1/2-1/2

[Event "31è Open International d'Avoine 2016"]
[Site "Avoine"]
[Date "2016.07.23"]
[Round "5.28"]
[White "Viel, Simon"]
[Black "Giacomini, Hector"]
[Result "0-1"]
[WhiteElo "2066"]
[BlackElo "2239"]
[PlyCount "70"]
[EventDate "2016.??.??"]

1. e4 c6 2. d4 d5 3. Nc3 dxe4 4. Nxe4 Bf5 5. Ng3 Bg6 6. h4 h6 7. Nf3 Nd7 8. h5
Bh7 9. Bd3 Bxd3 10. Qxd3 e6 11. Bd2 Qc7 12. O-O-O O-O-O 13. Ne4 Ngf6 14. g3
Nxe4 15. Qxe4 Bd6 16. c4 c5 17. Bc3 Nf6 18. Qe2 cxd4 19. Nxd4 a6 20. b3 Rd7 21.
Kb2 Rhd8 22. Nc2 Qc6 23. Rde1 Bc7 24. f4 Qc5 25. b4 Qf5 26. Ne3 Qe4 27. Qc2 Qc6
28. Qg2 Qxg2+ 29. Nxg2 Rd2+ 30. Bxd2 Rxd2+ 31. Kb3 Rxg2 32. Re3 Ng4 33. Rf3 e5
34. Rh4 e4 35. Rc3 f5 0-1

[Event "31è Open International d'Avoine 2016"]
[Site "Avoine"]
[Date "2016.07.23"]
[Round "5.29"]
[White "Boehm, Martin"]
[Black "Marimoutou, Loic"]
[Result "0-1"]
[WhiteElo "2234"]
[BlackElo "2077"]
[PlyCount "112"]
[EventDate "2016.??.??"]

1. e4 e5 2. Bc4 Nf6 3. d3 Nc6 4. Nf3 Bc5 5. c3 a6 6. O-O d6 7. b4 Ba7 8. h3 h6
9. Be3 O-O 10. Bxa7 Rxa7 11. Nbd2 Re8 12. Re1 Ne7 13. Qb3 Rf8 14. d4 Ng6 15. a4
Nh5 16. Nf1 Qf6 17. Ne3 Nhf4 18. Ng4 Nxh3+ 19. gxh3 Qxf3 20. Re3 Qf4 21. Qd1
Bxg4 22. Qxg4 Qxg4+ 23. hxg4 Raa8 24. Rd1 Rfd8 25. f3 Nf4 26. Kf2 Kf8 27. Ree1
Ke7 28. Rd2 f6 29. Ke3 Rh8 30. Rh1 Rh7 31. Rdh2 Rah8 32. Bb3 g5 33. Bc4 h5 34.
gxh5 Rxh5 35. Rxh5 Rxh5 36. Rxh5 Nxh5 37. a5 Nf4 38. d5 Kd7 39. Bf1 c6 40. Bc4
cxd5 41. exd5 f5 42. Bb3 g4 43. fxg4 fxg4 44. c4 g3 45. Bc2 Ke7 46. Kf3 g2 47.
Kf2 b6 48. Bf5 bxa5 49. bxa5 Ne2 50. Kxg2 Nd4 51. Bd3 Nb3 52. Kf2 Nxa5 53. c5
dxc5 54. Bxa6 Kd6 55. Ke3 Kxd5 56. Kd3 e4+ 0-1

[Event "31è Open International d'Avoine 2016"]
[Site "Avoine"]
[Date "2016.07.23"]
[Round "5.30"]
[White "Simon, Daniel"]
[Black "Travadon, Loic"]
[Result "1-0"]
[WhiteElo "2060"]
[BlackElo "2218"]
[PlyCount "109"]
[EventDate "2016.??.??"]

1. e4 c5 2. d3 Nc6 3. f4 d5 4. Be2 g6 5. c3 Bg7 6. Nf3 e6 7. O-O Nge7 8. Qe1
O-O 9. Qh4 b6 10. Na3 Ba6 11. Rd1 Re8 12. Nc2 dxe4 13. dxe4 Nd4 14. Ncxd4 Bxe2
15. Rd2 cxd4 16. Rxe2 dxc3 17. bxc3 Bxc3 18. Bb2 Bxb2 19. Rxb2 Nc6 20. Qf2 Qd3
21. Re1 Red8 22. Rd2 Qc4 23. Rc2 Qa4 24. Ng5 Nd4 25. Rc7 Rd7 26. Rxd7 Qxd7 27.
e5 Nf5 28. g4 Ng7 29. Ne4 Ne8 30. Re2 Qd1+ 31. Qe1 Rd8 32. Qxd1 Rxd1+ 33. Kf2
Nc7 34. Rc2 Nd5 35. Nf6+ Kg7 36. g5 Rd4 37. Rc8 Ne7 38. Re8 Rxf4+ 39. Kg3 Rf5
40. h4 Rxe5 41. Rxe7 h6 42. Kf4 Rf5+ 43. Kg4 hxg5 44. hxg5 Rf1 45. Re8 Rg1+ 46.
Kf4 e5+ 47. Rxe5 a6 48. Re8 Rf1+ 49. Ke4 Re1+ 50. Kd5 Rxe8 51. Nxe8+ Kf8 52.
Nc7 Ke7 53. Ke5 f6+ 54. gxf6+ Kf7 55. Ne6 1-0

[Event "31è Open International d'Avoine 2016"]
[Site "Avoine"]
[Date "2016.07.23"]
[Round "5.31"]
[White "Caille, Hugo"]
[Black "Gerard, Nicolas"]
[Result "1-0"]
[WhiteElo "2053"]
[BlackElo "2192"]
[PlyCount "59"]
[EventDate "2016.??.??"]

1. e4 c5 2. Nf3 d6 3. d4 cxd4 4. Qxd4 Nc6 5. Bb5 Bd7 6. Qd3 g6 7. c4 Bg7 8. O-O
Nf6 9. Nc3 O-O 10. h3 a6 11. Bxc6 Bxc6 12. Nd4 Rc8 13. Be3 Nd7 14. Rac1 Ne5 15.
Qe2 Bd7 16. b3 Nc6 17. Nxc6 Bxc6 18. Nd5 e6 19. Nb6 Rb8 20. Rfd1 Qc7 21. a4 f5
22. c5 d5 23. exd5 exd5 24. Nxd5 Bxd5 25. Rxd5 f4 26. Bd4 Qf7 27. Bxg7 Qxd5 28.
Bxf8 Rxf8 29. Qc4 Rd8 30. Rd1 1-0

[Event "31è Open International d'Avoine 2016"]
[Site "Avoine"]
[Date "2016.07.23"]
[Round "5.32"]
[White "Bourgois, Bastien"]
[Black "Podvin, Francois-Xavier"]
[Result "1-0"]
[WhiteElo "2042"]
[BlackElo "2165"]
[PlyCount "49"]
[EventDate "2016.??.??"]

1. d4 Nf6 2. c4 c5 3. d5 b5 4. cxb5 a6 5. f3 g6 6. e4 d6 7. Nc3 Bg7 8. a4 O-O
9. Ra3 axb5 10. Bxb5 e6 11. Nge2 exd5 12. Nxd5 Be6 13. O-O Na6 14. Ndf4 Nc7 15.
Rd3 Nxb5 16. axb5 Bc4 17. Rxd6 Qa5 18. b6 Ne8 19. Rd8 Bd4+ 20. Rxd4 cxd4 21.
Qxd4 Bxe2 22. Nxe2 Qa4 23. b4 Ng7 24. Bb2 f6 25. Ra1 1-0

[Event "31è Open International d'Avoine 2016"]
[Site "Avoine"]
[Date "2016.07.23"]
[Round "5.33"]
[White "Najart, David"]
[Black "Batteux, Mickael"]
[Result "1/2-1/2"]
[WhiteElo "2159"]
[BlackElo "2063"]
[PlyCount "146"]
[EventDate "2016.??.??"]

1. c4 g6 2. e4 d6 3. d4 Nf6 4. Nc3 Bg7 5. Nf3 O-O 6. Be2 e5 7. O-O Nc6 8. d5
Ne7 9. Ne1 Ne8 10. f3 f5 11. g4 Nf6 12. Nd3 Bd7 13. h4 Qc8 14. Nf2 Rf7 15. Kg2
b6 16. Be3 a5 17. Rg1 Qb7 18. Nd3 Raf8 19. Kh1 fxg4 20. fxg4 Qc8 21. Rg3 Nxg4
22. Bxg4 Rf1+ 23. Qxf1 Rxf1+ 24. Rxf1 Bxg4 25. Bg5 Bf8 26. Nf2 Bh5 27. Ncd1 Kg7
28. Ne3 h6 29. Bf6+ Kxf6 30. Nfg4+ Kg7 31. Rgf3 g5 32. Rxf8 Qxf8 33. Rxf8 Kxf8
34. hxg5 hxg5 35. Kg2 Ng6 36. Kg3 Nf4 37. Nd1 Ne2+ 38. Kh3 Nf4+ 39. Kg3 Ne2+
40. Kh3 Ke7 41. b3 Kd8 42. a3 Nc1 43. b4 axb4 44. axb4 Nd3 45. b5 Nf4+ 46. Kg3
Ne2+ 47. Kf3 Nd4+ 48. Kg3 Nb3 49. Nc3 Ke7 50. Ne3 Nd2 51. Nf5+ Kd7 52. Ne3 Kc8
53. Kf2 Bg6 54. Kg3 Bh5 55. Kf2 Kd8 56. Kg3 Ke7 57. Nf5+ Kf7 58. c5 dxc5 59. d6
cxd6 60. Nxd6+ Ke6 61. Nc8 Bg6 62. Kg4 Nxe4 63. Nxe4 Bxe4 64. Nxb6 Bd3 65. Na4
Bxb5 66. Nxc5+ Kd5 67. Nb3 e4 68. Kxg5 e3 69. Nc1 Ke4 70. Kg4 Bc4 71. Kg3 Bf1
72. Kg4 e2 73. Nxe2 Bxe2+ 1/2-1/2

[Event "31è Open International d'Avoine 2016"]
[Site "Avoine"]
[Date "2016.07.23"]
[Round "5.34"]
[White "Trouve, Guillaume"]
[Black "Coiffait, Pierre-Basile"]
[Result "1/2-1/2"]
[WhiteElo "2142"]
[BlackElo "2057"]
[PlyCount "94"]
[EventDate "2016.??.??"]

1. e4 e5 2. Nf3 Nc6 3. Bc4 Bc5 4. c3 Nf6 5. d3 a6 6. O-O Ba7 7. Nbd2 O-O 8. Bb3
d6 9. Re1 Ng4 10. Rf1 Kh8 11. h3 Nh6 12. Nc4 b5 13. Ne3 Na5 14. Bc2 f5 15. exf5
Nxf5 16. d4 exd4 17. Nxd4 Bxd4 18. cxd4 Qf6 19. Bd2 Nc4 20. Bc3 Qg5 21. Qf3 Bd7
22. Nxf5 Bxf5 23. Bxf5 Qxf5 24. Qc6 Qf7 25. Rae1 Nb6 26. Re3 Qc4 27. Qe4 Qd5
28. Qg4 Qf5 29. Qh4 Nd5 30. Rf3 Qc2 31. Qh5 Nxc3 32. Rxc3 Qxb2 33. Rxc7 Qxd4
34. Qg5 Rae8 35. Rd7 h6 36. Qg3 Rd8 37. Rc7 Rc8 38. Rd7 Rfd8 39. Rf7 Re8 40.
Rd7 Re6 41. Qf3 Rf6 42. Qg3 Re6 43. Qf3 Ree8 44. Rd1 Qb2 45. R1xd6 Rf8 46. Qg3
Rc2 47. Rg6 Qc1+ 1/2-1/2

[Event "31è Open International d'Avoine 2016"]
[Site "Avoine"]
[Date "2016.07.23"]
[Round "5.35"]
[White "Podvin, Antoine"]
[Black "Rodriguez Rodriguez, Antonio"]
[Result "1-0"]
[WhiteElo "2038"]
[BlackElo "2141"]
[PlyCount "87"]
[EventDate "2016.??.??"]

1. d4 d6 2. Nf3 g6 3. Nc3 Bg7 4. e4 a6 5. Bf4 b5 6. Qd2 Nd7 7. e5 Bb7 8. Be2 c5
9. exd6 cxd4 10. dxe7 Qb6 11. O-O-O b4 12. Nb1 Nxe7 13. Nxd4 O-O 14. Bf3 Bxf3
15. Nxf3 Qf6 16. c3 bxc3 17. Nxc3 Rfc8 18. Bg5 Qb6 19. Bxe7 Rab8 20. Qc2 Rb7
21. Rd3 Nb8 22. Bg5 Nc6 23. Be3 Qc7 24. a3 Na5 25. Nd2 Rcb8 26. Rd1 Rxb2 27.
Qxb2 Rxb2 28. Kxb2 h6 29. g3 Kh7 30. Kc2 Qc8 31. f4 Qc6 32. Bd4 Bf8 33. Nde4
Be7 34. Rb1 Nb7 35. Rb6 Qc7 36. Rxa6 f5 37. Nf6+ Bxf6 38. Rxf6 Na5 39. Be5 Qb7
40. Rd5 Nc4 41. Rd4 h5 42. a4 Na3+ 43. Kd3 Qe7 44. Rfd6 1-0

[Event "31è Open International d'Avoine 2016"]
[Site "Avoine"]
[Date "2016.07.23"]
[Round "5.36"]
[White "Malassagne, Isabelle"]
[Black "Caloone, Thomas"]
[Result "1/2-1/2"]
[WhiteElo "2140"]
[BlackElo "2029"]
[PlyCount "41"]
[EventDate "2016.??.??"]

1. e4 e6 2. d4 d5 3. exd5 exd5 4. Bd3 Bd6 5. Ne2 Ne7 6. O-O O-O 7. Bf4 c6 8. c3
Bf5 9. Bxd6 Qxd6 10. Bxf5 Nxf5 11. Qd3 Ne7 12. Nd2 Qg6 13. Nf4 Qxd3 14. Nxd3
Nd7 15. Nf3 Ng6 16. Rfe1 Rfe8 17. Rxe8+ Rxe8 18. Re1 Rxe1+ 19. Nfxe1 f6 20. g3
Kf7 21. Kg2 1/2-1/2

[Event "31è Open International d'Avoine 2016"]
[Site "Avoine"]
[Date "2016.07.23"]
[Round "5.37"]
[White "Maloberti, David"]
[Black "Roussel, Glenn"]
[Result "1-0"]
[WhiteElo "2029"]
[BlackElo "2139"]
[PlyCount "79"]
[EventDate "2016.??.??"]

1. d4 d5 2. c4 dxc4 3. Nf3 Nf6 4. e3 a6 5. a4 c5 6. Bxc4 Nc6 7. d5 Na5 8. Ba2
c4 9. Nc3 e6 10. e4 Bb4 11. Bg5 h6 12. Bxf6 Qxf6 13. Qd4 Qxd4 14. Nxd4 exd5 15.
exd5 Bd7 16. O-O O-O 17. Bb1 Rfe8 18. Bf5 Rad8 19. Rfd1 Re5 20. Bxd7 Bxc3 21.
bxc3 Rxd7 22. Rab1 Rexd5 23. Re1 Kf8 24. f4 Re7 25. Kf2 Ke8 26. Kf3 Rxe1 27.
Rxe1+ Kd7 28. Ke4 Rd6 29. Rb1 g6 30. g4 Kc7 31. Rb4 h5 32. g5 Rd8 33. Ke5 Rd7
34. Kf6 Kd6 35. Nf3 Kd5 36. Ne5 Nc6 37. Nxd7 Nxb4 38. Kxf7 Nd3 39. f5 gxf5 40.
g6 1-0

[Event "31è Open International d'Avoine 2016"]
[Site "Avoine"]
[Date "2016.07.23"]
[Round "5.39"]
[White "Grigorian, Roudolph"]
[Black "Budak, Rewi"]
[Result "1-0"]
[WhiteElo "2110"]
[BlackElo "1969"]
[PlyCount "57"]
[EventDate "2016.??.??"]

1. d4 c5 2. dxc5 e6 3. Nc3 Bxc5 4. Ne4 d5 5. Nxc5 Qa5+ 6. Qd2 Qxc5 7. Qg5 Qd4
8. Nf3 Qf6 9. Qg3 Nc6 10. c3 h6 11. e4 Nge7 12. Bd3 dxe4 13. Bxe4 O-O 14. h4 e5
15. Bg5 Qe6 16. Bxe7 Qxe7 17. O-O Re8 18. Rfe1 Nd8 19. Nxe5 Qf6 20. Rad1 Be6
21. Rd6 Qe7 22. Qd3 Kh8 23. Rd1 Bxa2 24. f4 Ne6 25. Rd7 Nxf4 26. Rxe7 Nxd3 27.
Rxe8+ Rxe8 28. Rxd3 Bb1 29. Rd4 1-0